NBA Chain Game - Statistics

General Stats
  • This quiz has been taken 59 times
  • The average score is 8 of 20
Answer Stats
Hint Answer % Correct
The only player to ever score 100 points in a game Wilt Chamberlain
100%
This MVP also went there Joel Embiid
61%
He went to this college Kansas
61%
Who is from this country Cameroon
52%
Who is best known for this NBA Team Phoenix Suns
48%
This “Canadian” is also from the same continent Steve Nash
48%
What player got 11 of their championships Bill Russell
42%
What team is in Minnesota Minnesota Timberwolves
42%
Later got traded to this team with the most NBA Titles ever Boston Celtics
39%
Who had this Franchise star in the 2000’s Kevin Garnett
39%
Kobe had this big man with some of his late championship runs Pau Gasol
39%
They had the player with the most dunks in league history Dwight Howard
36%
He grazed what team at the end of his career Los Angeles Lakers
36%
Country he represents internationally Spain
36%
Whose main rival in basketball was Wilt Chamberlain
36%
Pass-first guard from Spain who played in Minnesota Ricky Rubio
30%
Sharp-shooting Duke guard from Lob City era JJ Redick
27%
Who got drafted 11th overall in the 2006 NBA Draft by what team Orlando Magic
27%
Who also played for “Lob City” Los Angeles Clippers
24%
Who had this guard who played right after Nash Eric Bledsoe
12%
No matching quizzes found
Score Distribution
Percent of People with Each Score
Percentile by Number Answered
Your Score History
You have not taken this quiz